| 000 | 01108nka a2200289 i 4500 | ||
|---|---|---|---|
| 001 | 102999 | ||
| 003 | ES-MaACL | ||
| 005 | 20250823045554.0 | ||
| 007 | t| | ||
| 008 | 051223q1860 sp f | |r||1c|spa | ||
| 100 | 1 |
_aRoselló y Prados, José María, _d1835-1872 _eegr _999702 |
|
| 245 | 1 | 1 |
_a[Entierro de Nuestro Señor] _h[Material gráfico] / _c[Jose Mª Roselló y Prados] |
| 260 |
_a[S.l. : _bs.n., _cca. 1860] |
||
| 300 |
_a1 estampa : _bgrabado calcográfico ; _c345 x 410 mm |
||
| 490 | 1 |
_aColección facticia de grabados ; _v43 _9184692 |
|
| 500 | _aInscripción: "Entierro de Nuestro Señor" | ||
| 594 | _aAtribuido a un original de los pintores Alonso Cano, Ribera o Ph. de Champaigne | ||
| 600 | 0 | 4 |
_aJesucristo- _xEntierro _966366 |
| 650 | 7 |
_aEntierros _2embne _9241970 |
|
| 655 | 7 |
_aGrabados calcográficos _2tgfbne _9241761 |
|
| 655 | 7 |
_aGrabados _2tgfbne _9226846 |
|
| 655 | 4 |
_aReproducciones de obras de arte _9241931 |
|
| 830 | 0 |
_aColección facticia de grabados ; _v43 _9184692 |
|
| 852 | 4 |
_aES-MaACL _cDEPO2 _jGF-2(43) |
|
| 942 |
_2udc _cDIBGRB _n0 |
||
| 999 |
_c102999 _d102999 |
||